000 01536nam a2200457Ia 4500
001 dia_49
003 CHAP
005 20230922182551.0
007 ta
008 220117s1999 sp ad fr 001 0 spa d
010 _a170482
020 _a84-8322-035-0
040 _cCHAP
_amxchpua
050 _aQA278
_b.A53 1999
082 _a519.535
_bA53 1999
_220
240 1 0 _aMultivariate data analysis.
_lEspañol
245 1 0 _aAnálisis multivariante /
_cJoseph F. Hair, Rolph E. Anderson, Ronald L. Tatham y William C. Black ; traductores Esme Prentice y Diego Cano
250 _a5a edición
260 _aMéxico :
_bPrentice Hall,
_c1999
300 _axxiv, 832 páginas :
_bilustraciones, gráficas, diagramas, tablas
336 _atexto
_btxt
_2rdacontent
337 _asin medio
_bn
_2rdamedia
338 _avolumen
_bnc
_2rdacarrier
504 _aIncluye bibliografías
650 1 7 _aAnálisis de regresión
_95974
650 1 3 _aAnálisis de multivarianza
_9160482
650 1 3 _aRegression analysis
_9156082
650 1 3 _aMultivariate analysis
_9154982
700 1 _952258
_aHair, Joseph F.
_eautor
700 1 _9188012
_aAnderson, Rolph E.
_eautor
700 1 _9188013
_aTatham, Ronald L.
_eautor
700 1 _9188014
_aBlack, William C.
_eautor
700 1 _9188015
_aPrentice, Esme
_etraductor
700 1 _9188016
_aCano, Diego
_etraductor
901 _a519.535 A53 1999
902 _aM
905 _a0000001999 mx A 0000000000spa00
942 _2ddc
942 _2ddc
942 _cLIBRO
999 _c170482
_d170482